00898nam a2200193 a 450000100100000000500170001000800410002704000250006810000300009324000780012324501590020126000330036030000280039350000130042170000390043470000360047395201780050999900170068700003562820200930074503.0111107s1953 ag a 000 0 spa d aDO-SdBNPbspacBNPHU1 aToffanin, Giuseppe96153910aEl secolo senza Roma. Storia dell umanesimo. La fine del logoslEspañol10aHistoria del humanismo desde el siglo XIII hasta nuestros dias /cGiuseppe Toffanin ; traducción directa por Bruno L. B. Carpineti y Luis M. De Cádiz. aBuenos Aires :bNova,c1953. a541 p. :bil. ;c23 cm. aItaliano1 aL. B. Carpineti, Brunoetr.9615401 aM. De Cádiz, Luisetr.961541 001050718MOaGRbGRcCTd2011-11-07iLF1l0o p35628-10r2020-06-25w2020-06-25y1zPerteneció a la biblioteca personal de Juan Isidro Jimenes Grullón.ZNo se presta c35119d35119